000 01104nam a22002657a 4500
005 2009080405165.0
008 090728t xxu||||| |||| 00| 0 pun d
010 _aPUN-7376
020 _c200.00
035 _aPN-6494
037 _bDBAD / PUB/NBS
040 _adpl
_bPN
082 _a854
100 _937323
_aਮਨਮੀਤ ਕੋਰ
245 _aਰਵਿੰਦਰ ਰਵੀ ਦਾ ਸਫ਼ਰਨਾਮਾ ਸਿਮਰਤੀਆੰ ਦੇ ਦੇਸ਼ /
_cਮਨਮੀਤ ਕੋਰ
246 _aRavinder Ravi da safarnama Simratiyaan de desh:paath-kendrit adyan
_bby Manmeet Kaur
260 _aਦਿੱਲੀ
_bNational Book Shop
_c2012
270 _a32-B, ਪਲੱਈਅਰ ਗਾਰਡਨ ਮਾਰਕਿਟ,ਚਾਂਦਨੀ ਚੋਂਕ
_bਦਿੱਲੀ
_k011-23264342
300 _a128ਪਂ;
_b21ਸੇਂਮੀ(ਸਜਿਲਦ)
650 _937324
650 _937325
700 _952947
942 _2ddc
_cPN
_h854
_mਮਨਮੀ
999 _c70718
_d70718